000 00638nam a2200205Ia 4500
003 GCL
008 140319s9999 xx 000 0 ara d
040 _aGCL /
_cGCL
082 0 4 _a832.042
_bف م
100 1 _aفايس، بيتر
245 1 0 _aمارا - صاد /
_cفايس، بيتر
700 1 _aيسرى خميس
260 _a[S.N] :
_bدار الكاتب العربى للطباعة والنشر ،
_c1989
300 _a214 ص
490 _aروائع المسرح العالمى
_v0
650 0 4 _aالادب
650 0 4 _aالادب الالمانى
650 0 4 _aالمسرحيات الالمانية
942 _2ddc
_cBK
999 _c30979
_d30979